000 00613nam a2200229Ia 4500
003 OSt
005 20220928145451.0
006 a|||||r|||| 00| 0
007 ta
008 220927b |||||||| |||| 00| 0 eng d
024 _a80707
037 _cTextual
040 _aSDCL
_cSDCL
_beng
041 _2eng
_aeng
082 _aL:5238-424, N8
100 _aBell Chris
_9449835
245 0 _aIdsteria
_b A practical approach to the foods.
260 _c1998
700 _a Kyriakides Alec
_9513066
942 _hL:5238-424, N8
_cTEXL
_2CC
999 _c833719
_d833719